Produkčná analýza firmy bakalárska práca

Salvato in:
Dettagli Bibliografici
Autore principale: Míznerová, Dana
Ente Autore: Fakulta hospodárskej informatiky EU. Katedra operačného výskumu a ekonometrie
Altri autori: Furková, Andrea, 1975-
Natura: Libro
Lingua:slovacco
Pubblicazione: Bratislava 2011
Tags: Aggiungi Tag
Nessun Tag, puoi essere il primo ad aggiungerne!!

MARC

LEADER 00000nbm a2200000 4500
001 0141069
005 20161109111732.2
041 0 |a slo 
044 |a SK 
245 1 0 |a Produkčná analýza firmy  |b bakalárska práca  |c Dana Míznerová ; školiteľ: Andrea Furková 
264 1 |a Bratislava  |c 2011 
300 |a 48 s. 
100 1 |a Míznerová, Dana 
700 1 |a Furková, Andrea, 1975- 
710 2 |a Fakulta hospodárskej informatiky EU. Katedra operačného výskumu a ekonometrie